| 000 | 00686nam a22002177a 4500 | ||
|---|---|---|---|
| 999 |
_c12996 _d12996 |
||
| 003 | AR-CdUCM | ||
| 008 | 190410b ||||| |||| 00| 0 spa d | ||
| 040 |
_aMUNICIPALIDAD PROVINCIAL DEL CUSCO _cBIBLIOTECA MUNICIPAL DEL CUSCO |
||
| 082 |
_a985.0612 / _bP91 |
||
| 100 |
_aPuente Candamo, José Agustín de la, _926531 |
||
| 245 | _aMiguel Grau / | ||
| 260 |
_aPerú : _bEdi. Monterrico, _c1987. |
||
| 300 |
_a62 paginas ; _c21 cm. |
||
| 440 |
_aColección hombres del Perú _931154 |
||
| 505 | _aContenido :Biografía | ||
| 650 |
_aBiografia _9437 |
||
| 650 |
_aMiguel Grau _917028 |
||
| 650 |
_aCaballero de los mares _931155 |
||
| 942 |
_2ddc _cLIBROS |
||
| 945 |
_awnts _d2019-04-10 |
||